00821cam a2200205 i 4500001001000000003000900010005001700019007000300036008004100039040002500080082001800105111009500123245019400218260006600412300002200478650000300500710007900503711003000582830000300612000019179DO-SdBNP20220927095523.0ta780616s19 cl b 100 0 spa  aDO-SdBNPbspacBNPHU axxxbM5782222 aMesa Redonda Panamericana de Santo Domingon30 de marzo al 2 de abrilcSanto Domingod199200aActos que serán celebrados con motivo de la visita al país de distinguida dama internacional doña Mila de Coquis, directora general de la Alianza de mesas Redondas Panamericanas en... aSanto Domingo:bAlianza de Mesa Redonda Panamericanas,c1992. a[17] p. ;c27 cm. 02 aPan American Institute of Geography and History.bCommission on Geography. aMesa Redonda Panamericana 0